Best Episodes of New Girl - Statistics

General Stats
  • This quiz has been taken 111 times
  • The average score is 4 of 7
Answer Stats
Season Episode Rating Description Episode % Correct
2 15 9.1 Jess is considered to be a cool force when she goes out with the guys, so they go out to find women and leave her at home. Jess hears noises outside and asks the guys and their dates to return. Party games begin, and Nick has to kiss Jess. Cooler
93%
3 14 8.6 When Jess and Cece are invited to a party thrown by Prince, the guys try to get inside. Jess panics when Nick tells her that he loves her. Prince
89%
2 25 8.6 Nick and Jess decide if they want their relationship to continue. It's Cece's wedding day and Schmidt thinks she does not want to go through with it. He gets Winston & Nick to help sabotage the wedding. Shivrang has his own big announcement. Elaine's Big Day
67%
4 6 8.7 Jess admits she might be in possession of certain illegal substances, which complicates Winston's plans as the loft must pass a home visit and a background check as a part of his police academy training. Schmidt kisses Cece. Background Check
65%
4 22 9.0 Coach debates with his friends on what he should take to New York. Jess and Nick argue over a mug from their relationship. Schmidt learns of Cece's feelings for him. Clean Break
36%
6 22 9.1 Jess prepares to tell Nick how she really feels about him. In other events, Nick has a meeting with a book publisher, Aly helps Winston reconnect with someone important and big news comes along for Schmidt and Cece. Five Stars for Beezus
27%
5 22 8.8 Schmidt makes a last ditch effort to convince Cece's mom to come to their wedding, but in doing so, he might miss the special day himself. Landing Gear
26%
No matching quizzes found
Score Distribution
Percent of People with Each Score
Percentile by Number Answered
Your Score History
You have not taken this quiz